Statistiques concernant Nommez les power ranger blanc

Cliquez ici pour prendre le quiz!

Statistiques générales

  • Ce quiz a été pris 13 fois
  • Le résultat moyen est 5 sur 7

Statistiques - réponses

HintRéponse% Correct
ranger blanc dans mighty morphintommy oliver
100%
ranger blanc dans aliendelphine
88%
ranger blanc dans force mystiqueudonna
88%
ranger blanc dans dino tonnerretrent fernandez
75%
ranger blanc de force animalealyssa enrile
63%
ranger blanc jungle furydominic hargan
63%
ranger blanc dans ninja steelhayley foster
63%

Distribution des résultats

Percentile par nombre de réponses

% des personnes avec chaque résultat

Votre développement - résultats

Vous n’avez pas pris ce quiz